| 000 | 00524nam a2200193 i 4500 | ||
|---|---|---|---|
| 001 | bg | ||
| 100 | 1 | _aKOCHAŃSKI, Stanisław | |
| 245 | 0 |
_aAutomatyczna broń strzelecka / _cStanisław Kochański. |
|
| 260 |
_aWarszawa : _bSIGMA NOT, _c1991. |
||
| 300 |
_a335, [1] s., 8 s. tabl. kol. : _bfot., rys. ; _c25 cm. |
||
| 504 | _aBibliogr. s. [336]. | ||
| 020 | _a838500145X | ||
| 040 | _cBPK | ||
| 041 | _apol | ||
| 080 | _a623.44 | ||
| 920 | _a83-85001-45-X | ||
| 942 | _cKS | ||
| 008 | s pl f |000 0 pol | ||
| 999 |
_c29934 _d29934 |
||
| 856 |
_uhttp://koha.tu.koszalin.pl/cgi-bin/koha/opac-detail.pl?biblionumber=29934 _yKatalog online BPK |
||